000 00307nam a2200133Ia 4500
100 _aBarna orpad & porat D.I
250 _a6
942 _cBK
654 _aintegrated
245 _aIntegrated circuits in digital electronics
260 _bJohn wiley
_aSingapore
_c1987
300 _a371
546 _aENGLISH
999 _c34516
_d34516